Κατάλογος Βιβλιοθηκών Mediterranean College

Κοινωνικοποίηση και Εκπαιδευτικές Ανισότητες (Record no. 4329)

MARC details
000 -LEADER
fixed length control field 01454cam a22001814a 4500
005 - ΗΜΕΡΟΜΗΝΙΑ ΚΑΙ ΩΡΑ ΤΕΛΕΥΤΑΙΑΣ ΕΝΗΜΕΡΩΣΗΣ
Πεδίο ελέγχου 20250605164143.0
008 - FIXED-LENGTH DATA ELEMENTS--GENERAL INFORMATION
Πεδίο ελέγχου σταθερού μήκους 250528s ||||||||||||||||||||||||d
035 ## - SYSTEM CONTROL NUMBER
System control number 19045
040 ## - ΠΗΓΗ ΚΑΤΑΛΟΓΟΓΡΑΦΗΣΗΣ
Φορέας πρωτότυπης καταλογογράφησης MC Athens Campus Library
Γλώσσα καταλογογράφησης Ελληνικά, Μοντέρνα (1453-)
Modifying agency MC Athens Campus Library
Κανόνες περιγραφικής καταλογογράφησης AACR2
245 1# - ΤΙΤΛΟΣ ΚΑΙ ΔΗΛΩΣΗ ΥΠΕΥΘΥΝΟΤΗΤΑΣ
Τίτλος Κοινωνικοποίηση και Εκπαιδευτικές Ανισότητες
260 ## - PUBLICATION, DISTRIBUTION, ETC.
Name of publisher, distributor, etc. Addison-Wesley Publishing Company,
Date of publication, distribution, etc. 1984
300 ## - PHYSICAL DESCRIPTION
Extent 192
520 ## - SUMMARY, ETC.
Summary, etc. Αντί Εισαγωγής, Η Κοινωνικοποίηση, Η Κοινωνικοποίηση ως Έννοια και ως Διαδικασία, Οικογένεια και Κοινωνικοποίηση, Βασικές Προϋποθέσεις για Ομαλή Κοινωνικοποίηση, Κοινωνική Προέλευση και Κοινωνικοποίηση, Οι Κοινωνικές Τάξεις και Πώς Διαφοροποιούνται, Κοινωνική Προέλευση και Ανάπτυξη της Προσωπικότητας, Κοινωνική Προέλευση και Σχολική Επιτυχία, Κοινωνική Προέλευση και Σχολική Ωριμότητα, Κοινωνική Προέλευση και Γενική Εκπαίδευση, Κοινωνική Προέλευση και Φοίτηση στα Α.Ε.Ι., Βιβλιογραφία και Ευρετήρια.
700 1# - ΠΡΟΣΘΕΤΗ ΑΝΑΓΡΑΦΗ--ΦΥΣΙΚΟ ΠΡΟΣΩΠΟ
Personal name Πυργιωτάκη Ιωάννα Ε
9 (RLIN) 5314
942 ## - ADDED ENTRY ELEMENTS (KOHA)
Koha item type Books
Holdings
Τύπος τεκμηρίου Βιβλιοθήκη Τρέχουσα τοποθεσία Barcode Αριθμός εισαγωγής Ημερομηνία απόκτησης Ταξιθετικό σύμβολο Αριθμός αντιτύπου Κατάσταση απόσυρσης Κατάσταση χαμένου Κατάσταση κατεστραμμένου Μη δανεισμός Σύνολο δανεισμών Ημερομηνία τελευταίας εμφάνισης Η τιμή ισχύει από
Books MC Athens Campus Library MC Athens Campus Library 9780000043283 3982 05/06/2025 371.5 PIR 1           05/06/2025 05/06/2025

MC Athens Campus Library
Πατησίων 94 & Κοδριγκτώνος 13, 104 34
Πελλήνης 8 & Πατησίων 107, 112 51
Τ: +30 210 8899600

MC Thessaloniki Campus Library
Ίωνος Δραγούμη 21, 54625 | Ίωνος Δραγούμη 15, 54625
Τ: +30 2310 287779 – Τ: +30 2314 440300